El arte románico y bizantino : (Registro nro. 9678)
| 000 -CABECERA | |
|---|---|
| campo de control de longitud fija | 00680cam a2200217 4500 |
| 001 - NÚMERO DE CONTROL | |
| campo de control | 0000009707 |
| 005 - FECHA Y HORA DE LA ÚLTIMA TRANSACCIÓN | |
| campo de control | 20220502110340.0 |
| 020 ## - NÚMERO INTERNACIONAL ESTÁNDAR DEL LIBRO | |
| Número Internacional Estándar del Libro | 8496249077 |
| 040 ## - FUENTE DE LA CATALOGACIÓN | |
| Centro catalogador/agencia de origen | taller5 |
| 041 1# - CÓDIGO DE LENGUA | |
| Código de lengua del texto/banda sonora o título independiente | spa |
| 100 1# - ENTRADA PRINCIPAL--NOMBRE DE PERSONA | |
| Nombre de persona | Abad, Concepción. |
| 9 (RLIN) | 95050 |
| 245 13 - MENCIÓN DE TÍTULO | |
| Título | El arte románico y bizantino : |
| Resto del título | Concepción Abad; Miguel Cortés Arrese. |
| 260 ## - PUBLICACIÓN, DISTRIBUCIÓN, ETC. | |
| Lugar de publicación, distribución, etc. | Madrid : |
| Nombre del editor, distribuidor, etc. | Dastin Export, |
| Fecha de publicación, distribución, etc. | 2003. |
| 500 ## - NOTA GENERAL | |
| Nota general | Colección Externa (Arte) |
| 590 ## - NOTA LOCAL (RLIN) | |
| Nota local | CORPORACION TECNICO PROFESIONAL EN HISTORIA DEL ARTE |
| 650 #0 - PUNTO DE ACCESO ADICIONAL DE MATERIA--TÉRMINO DE MATERIA | |
| Término de materia o nombre geográfico como elemento de entrada | ARTE BIZANTINO. |
| 9 (RLIN) | 83001 |
| 650 #0 - PUNTO DE ACCESO ADICIONAL DE MATERIA--TÉRMINO DE MATERIA | |
| Término de materia o nombre geográfico como elemento de entrada | ARTE ROMANICO. |
| 9 (RLIN) | 83019 |
| 700 1# - ENTRADA AGREGADA--NOMBRE PERSONAL | |
| Nombre de persona | Cortés Arrese, Miguel. |
| 9 (RLIN) | 95051 |
| 908 ## - COLOCAR PARÁMETRO DE COMANDO (RLIN) | |
| Colocar parámetro de comando | 050926 |
| Estado de retiro | Estado de pérdida | Estado dañado | No para préstamo | Código de colección | Localización permanente | Ubicación/localización actual | Fecha de adquisición | Total de préstamos | Signatura topográfica completa | Código de barras | Fecha visto por última vez | Número de copia | Precio válido a partir de | Tipo de ítem Koha |
|---|---|---|---|---|---|---|---|---|---|---|---|---|---|---|
| Colección General | Taller 5 | Taller 5 | 29/04/2022 | 709.0216 A113r | T50002844 | 29/04/2022 | Ej.1 | 29/04/2022 | Libro-General |





Redes Sociales
ACCESOS RAPIDOS T5
Tecnología implementada por